Athletics by Picture - Discus throw - Statistics

General Stats
  • This quiz has been taken 16 times
  • The average score is 7 of 20
Answer Stats
Picture Hint Answer % Correct
SWE - Olympic champion 2020, World champion 2019, 2023 & 2025 Daniel Stahl
93%
LTU - WR holder, Olympic silver medallist 2024 Mykolas Alekna
93%
LTU - Olympic champion 2000 & 2004, World champion 2003 & 2005 Virgilijus Alekna
93%
SLO - World champion 2022 Kristjan Čeh
57%
GDR - Olympic champion 1988, World champion 1987 Jürgen Schult
50%
CRO - Olympic champion 2012 & 2016, World champion 2013 & 2017 Sandra Elkasević
50%
USA - Olympic champion 2020 & 2024, World champion 2025 Valarie Allman
50%
JAM - Olympic champion 2024 Roje Stona
43%
GER - Olympic champion 2012, World champion 2009, 2011 & 2013 Robert Harting
36%
EST - Olympic champion 2008, World champion 2007 Gerd Kanter
29%
GER - Olympic champion 1996, World champion 1991, 1993, 1995, 1997 & 2001 Lars Riedel
29%
CHN - World champion 2022 Feng Bin
21%
LTU - Olympic champion 1992 Romas Ubartas
14%
GER - World champion 1999, 2005 & 2007 Franka Dietzsch
7%
GDR - WR holder Gabriele Reinsch
7%
GDR - Olympic champion 1988, World champion 1987 Martina Hellmann
7%
CUB - World champion 2019 Yaime Perez
7%
BLR - Olympic champion 2000, World champion 1995 & 2001 Ellina Zvereva
0%
RUS - Olympic champion 2004 Natalya Sadova
0%
USA - Olympic champion 2008 Stephanie Brown Trafton
0%
No matching quizzes found
Score Distribution
Percent of People with Each Score
Percentile by Number Answered
Your Score History
You have not taken this quiz